Normal view
MARC view
- ESAKI, LEO,SONCINI, G
Entry Personal Name
001 - CONTROL NUMBER
- control field: 73925
003 - CONTROL NUMBER IDENTIFIER
- control field: NUST
005 - DATE AND TIME OF LATEST TRANSACTION
- control field: 20210628205115.0
008 - FIXED-LENGTH DATA ELEMENTS
- fixed length control field: 210628|| aca||aabn | a|a d
040 ## - CATALOGING SOURCE
- Original cataloging agency: NUST
- Transcribing agency: NUST
100 ## - HEADING--PERSONAL NAME
- Personal name: ESAKI, LEO,SONCINI, G
670 ## - SOURCE DATA FOUND
- Source citation: Work cat.: (NUST): ESAKI, LEO,SONCINI, G, LARGE SCALE INTEGRATED CIRCUITS TECHNOLOGY STATE OF THE ART AND PROSPECTS PROCEEDINGS OF THE NATO ADVANCED STUDY COURSE ITALY JULY 15-27, 1981, 1982
